| 000 | 01118nam a22003137a 4500 | ||
|---|---|---|---|
| 008 | 150630s2000 hk ||||| |||| 00| 0 chi d | ||
| 020 | _a9622084435 | ||
| 020 | _a9789622084438 | ||
| 040 | _aBSOP | ||
| 050 |
_aBS540 _bC47 |
||
| 100 | 1 | _a朱樂華 Chu, Luke L.H. | |
| 245 | 1 | 0 |
_a近道集 = Jin dao ji = Approaching His Word {ch} / _c[by] = Zhu Lehua, & Chu, Luke L.H. |
| 250 | _a初版. | ||
| 260 |
_a香港 Xianggang Hongkong: _b天道書樓有限公司 Tian dao shu lou you xian gong si Tien Dao Publishing House, Ltd., _c2000. |
||
| 300 |
_a413p. ; _c22cm. |
||
| 336 |
_2rdacontent _atext. |
||
| 337 |
_2rdamedia _aunmediated. |
||
| 338 |
_2rdacarrier _avolume. |
||
| 490 | 1 | _a講經叢書 = Jiang jing cong shu = Preaching the Bible series. | |
| 500 | _aIncludes poems by Yingrui Chu. | ||
| 504 | _aIncludes index. | ||
| 630 |
_aBible _xMeditations {ch}. |
||
| 630 |
_aBible _xCriticism, interpretation, etc {ch}. |
||
| 650 | _2Meditations {ch}. | ||
| 700 | 1 |
_aZhu Lehua, _e著 |
|
| 700 | 1 |
_a褚應瑞 Chu, Raymond Y.S., _e著 |
|
| 700 | 1 |
_aChu Yingrui, _e著 |
|
| 942 |
_2lcc _cBK _e初版. |
||
| 999 |
_c38505 _d38505 |
||